| 000 | 01409nam a22001937a 4500 | ||
|---|---|---|---|
| 999 |
_c59877 _d59877 |
||
| 003 | Ge_BSU | ||
| 005 | 20230504111835.0 | ||
| 008 | 230504s2015 ge ||||| |||| 00| 0 geo d | ||
| 041 | _ageo | ||
| 080 | _a94(479.22) ხ-16 | ||
| 100 |
_aხაზარაძე, ნანა _917948 |
||
| 245 |
_aსაქართველოს ძველი ისტორიის ქრესტომათია / _cსაქართველოს მეცნიერებათა ეროვნული აკადემია ; შეადგინა, ძვ. წ. IX-VIII სს. ასურული ლურსმული, ძვ. წ. VI ს. სპარსული ლურსმული, იეროგლიფურ-ლუვიური წარწერები თარგმნა, კომენტარები დაურთო ნანა ხაზარაძემ ; რედაქტორი როინ მეტრეველი. |
||
| 264 |
_aთბილისი, _c2015. |
||
| 300 |
_a246 გვ. ; _b20 სმ. |
||
| 653 | _aსაქართველოს ძველი ისტორია | ||
| 700 |
_aმეტრეველი, როინ, რედაქტორი. _917949 |
||
| 710 |
_aსაქართველოს მეცნიერებათა ეროვნული აკადემია. _917950 |
||
| 942 |
_2udc _cBK |
||